| 000 | 00604nam a22001932 4500 | ||
|---|---|---|---|
| 001 | 0000012205 | ||
| 005 | 20151217155851.0 | ||
| 008 | 090216s xx 000 0 eng d | ||
| 040 |
_aKABU _cKABU |
||
| 100 | 1 |
_aGray, John. _@0000067557 |
|
| 245 | 1 | 4 |
_aThe British in Mombasa 1824-1826 : _bbeing history of Captain Owen's Protectorate / _cSir John Gray. |
| 250 | _a1st ed. | ||
| 260 |
_aLondon : _bMacmillan, _c1957. |
||
| 300 | _aviii, 216 p. | ||
| 651 | 0 |
_aKenya _xHistory. _@0000148727 |
|
| 852 | 1 | _9p500 KES | |
| 908 | _a090216 | ||
| 950 | _@1 | ||
| 999 |
_c13484 _d13484 |
||